Základné výsledky sčítania obyvateľov, domov a bytov 2001

Základné údaje o obyvateľstve, národnostiach, náboženskom vyznaní, domoch a bytovom fonde a o úrovni bývania v Slovenskej republike podľa posledného sčítania obyvateľstva v r. 2001. Údaje sú uvádzané aj pre jednotlivé kraje Slovenska.

Guardado en:
Detalles Bibliográficos
Autor principal: Horecký, Marián
Formato: Capítulo de libro
Lenguaje:eslovaco
Materias:
Etiquetas: Agregar Etiqueta
Sin Etiquetas, Sea el primero en etiquetar este registro!

MARC

LEADER 00000naa a2200000 4500
001 r044139
005 20230906073220.0
041 0 |a slo 
044 |a SK 
245 1 0 |a Základné výsledky sčítania obyvateľov, domov a bytov 2001  |c Marián Horecký 
520 |a Základné údaje o obyvateľstve, národnostiach, náboženskom vyznaní, domoch a bytovom fonde a o úrovni bývania v Slovenskej republike podľa posledného sčítania obyvateľstva v r. 2001. Údaje sú uvádzané aj pre jednotlivé kraje Slovenska. 
610 2 0 |a sčítanie ľudu 
610 2 0 |a obyvateľstvo 
610 2 0 |a domácnosti 
610 2 0 |a byty 
610 2 0 |a bývanie 
610 2 0 |a národnosti 
610 2 0 |a fond bytový 
610 2 0 |a štruktúra obyvateľstva 
610 2 0 |a Slovensko 
100 1 |a Horecký, Marián